Statistics for Guess the rapper

Click here to take the quiz!

General Stats

  • This quiz has been taken 61 times
  • The average score is 11 of 16

Answer Stats

Answer% Correct
Eazy e
96%
Eminem
96%
Ice cube
94%
Tupac
87%
Lil uzi vert
85%
Jay z
81%
Lil tecca
74%
NBA youngboy
68%
Kendrick Lamar
64%
Lil mosey
64%
Yeat
64%
Playboi carti
57%
Chief keef
51%
Biggie smalls
49%
Metro boomin
30%
MC Ren
13%

Score Distribution

Percentile by Number Answered

Percent of People with Each Score

Your Score History

You have not taken this quiz